000 00651nam a2200241Ia 4500
003 OSt
005 20221005101725.0
006 a|||||r|||| 00| 0
007 ta
008 221004b |||||||| |||| 00| 0 mal d
024 _a59132
037 _cTextual
040 _aCRL
_cCRL
_bmal
041 _2mal
_amal
082 _aWx1:1, 32L2.1
100 _aSastri K. Sambasiva Ed.
_963282
245 0 _aKautaliyam
260 _aTrivandrum
_bUniversity of Kerala India
_c1972
300 _a164p.
_ccm.
650 _aPOLITICAL SCIENCE
942 _hWx1:1, 32L2.1
_cTEXL
_2cc
999 _c1007309
_d1007309